| 000 | 00364nam a22001457a 4500 | ||
|---|---|---|---|
| 082 | _aP-181 | ||
| 100 |
_aPC Talha _947915 |
||
| 245 |
_aTraffic analysis of Risalpur Cantt _cPC Talha, PC Zahid |
||
| 260 |
_aMCE _c13.03.2001 |
||
| 300 | _a133 p. | ||
| 526 |
_a0 _b0 _c0 _dP_181 |
||
| 650 | _aProject | ||
| 700 |
_aLt Col Dr. Tariq Mahmood _947916 |
||
| 942 |
_2ddc _cBK |
||
| 999 |
_c551001 _d551001 |
||